FHM's 100 Sexiest Women of 2000 (Images) Quiz Stats

 Plays Quiz not verified by Sporcle

Challenge
Share
Tweet
Score 0/100 Timer 18:00
0 Plays Today
% Correct
Jennifer Lopez
88.7%
Jennifer Aniston
82.7%
Cameron Diaz
80.4%
Sarah Michelle Gellar
74.1%
Catherine Zeta-Jones
70.4%
Mariah Carey
70.4%
Katie Holmes
67.8%
Britney Spears
66.8%
Sandra Bullock
66.4%
Angelina Jolie
65.1%
Christina Aguilera
64.8%
Halle Berry
64.8%
Jennifer Love Hewitt
64.1%
Pamela Anderson
62.1%
Kate Winslet
62.1%
Courteney Cox
61.8%
Denise Richards
61.5%
Gwyneth Paltrow
58.8%
Nicole Kidman
58.1%
Natalie Portman
58.1%
Lisa Kudrow
57.1%
Alicia Silverstone
56.1%
Liv Tyler
56.1%
Gillian Anderson
55.8%
Salma Hayek
54.5%
Meg Ryan
53.2%
Jessica Simpson
52.8%
Teri Hatcher
48.5%
Charlize Theron
48.2%
Katie Price
45.5%
Demi Moore
45.5%
Elizabeth Hurley
45.2%
Neve Campbell
43.9%
Isla Fisher
43.5%
% Correct
Drew Barrymore
42.5%
Emma Bunton
42.2%
Heather Graham
41.9%
Geri Halliwell
41.5%
Carmen Electra
41.5%
Kelly Brook
41.2%
Cindy Crawford
41.2%
Kylie Minogue
40.9%
Winona Ryder
38.9%
Cat Deeley
38.5%
Melissa Joan Hart
38.5%
Anna Kournikova
37.9%
Tyra Banks
37.9%
Shania Twain
37.5%
Alyssa Milano
37.5%
Alyson Hannigan
36.9%
Rachel Stevens
36.2%
Billie Piper
35.5%
Natalie Imbruglia
33.6%
Jenny McCarthy
33.2%
Kate Moss
32.6%
Shannon Elizabeth
29.6%
Louise Nurding
29.2%
Gail Porter
28.2%
Denise Van Outen
25.9%
Lisa Lopes
23.6%
Heidi Klum
21.9%
Rebecca Romijn
21.9%
Amanda Holden
21.6%
Jaime Pressly
21.6%
Melanie Sykes
21.3%
Mena Suvari
21.3%
Yasmine Bleeth
20.9%
Elle Macpherson
20.6%
% Correct
Davina McCall
20.6%
Lisa Faulkner
19.3%
Claire Richards
18.9%
Natalie Appleton
18.6%
Andrea Corr
18.3%
Lisa Snowdon
18.3%
Dannii Minogue
17.6%
Samantha Janus
17.6%
Nell McAndrew
16.3%
Laetitia Casta
15.9%
Jeri Ryan
15.9%
Lisa Scott Lee
15.9%
Claire Goose
15%
Charisma Carpenter
15%
Nicole Appleton
13.6%
Faye Tozer
12.3%
Donna Air
12%
Hannah Spearitt
12%
Philippa Forrester
11.3%
Penny Smith
10.3%
Caprice Bourret
10%
Jayne Middlemiss
9.6%
Virginie Ledoyen
8%
Ali Landry
7.3%
Natasha Henstridge
5.6%
Kate Groombridge
5.3%
Jo Guest
5.3%
Ivana Horvat
5%
Martina Hingis
4%
Susan Ward
3.7%
Daisy Donovan
3%
Lene Nystrom
2.7%

You're not logged in!

Compare scores with friends on all Sporcle quizzes.
Join for Free
OR
Log In

You Might Also Like...

Show Comments

Extras

Top Quizzes Today


Score Distribution

Your Account Isn't Verified!

In order to create a playlist on Sporcle, you need to verify the email address you used during registration. Go to your Sporcle Settings to finish the process.

Report this User

Report this user for behavior that violates our Community Guidelines.

Details: